Ausencia compartida : (Record no. 182894)

MARC details
000 -CABECERA
campo de control de longitud fija 00671nam a2200217 a 4500
005 - FECHA Y HORA DE LA ÚLTIMA TRANSACCIÓN
campo de control 20240806063943.0
008 - ELEMENTOS DE LONGITUD FIJA--INFORMACIÓN GENERAL
campo de control de longitud fija 160530s2013 mx r 000 0 spa d
020 ## - NÚMERO INTERNACIONAL NORMALIZADO PARA LIBROS
Número Internacional Estándar del Libro 9786074952629
035 ## - NÚMERO DE CONTROL DEL SISTEMA
Número de control de sistema UPN01000210793
049 ## - COLECCIÓN
Colección CG
050 #4 - SIGNATURA TOPOGRÁFICA DE LA BIBLIOTECA DEL CONGRESO
Número de clasificación PQ7298.41 Z3.3
Número de documento/Ítem A9.7
100 1# - ASIENTO PRINCIPAL--NOMBRE PERSONAL
Nombre de persona Azahua, Marina,
Fechas asociadas al nombre 1983-
9 (RLIN) 39627
245 10 - MENCIÓN DE TÍTULO
Título Ausencia compartida :
Resto del título treinta ensayos mínimos ante el vacío /
Mención de responsabilidad, etc. Marina Azahua.
260 ## - PUBLICACIÓN, DISTRIBUCIÓN, ETC.
Lugar de publicación, distribución, etc. México :
Nombre del editor, distribuidor, etc. FOEM,
Fecha de publicación, distribución, etc. 2013.
300 ## - DESCRIPCIÓN FÍSICA
Extensión 149 p.
440 #0 - MENCIÓN DE SERIE/ASIENTO SECUNDARIO--TÍTULO
Título Letras.
Nombre de parte o sección de la obra Ensayo
500 ## - NOTA GENERAL
Nota general Certamen Internacional de Literatura 2012 "Sor Juana Inés de la Cruz"
650 #4 - ASIENTO SECUNDARIO DE MATERIA - TERMINO TEMATICO
Término de materia o nombre geográfico como elemento de entrada Literatura mexicana
9 (RLIN) 4466
905 ## - TIPO DE MATERIAL
Tipo de material Libro
Holdings
Estado de retiro Estado de pérdida Fuente del sistema de clasificación o colocación Estado dañado No para préstamo Código de colección Localización permanente Ubicación/localización actual Ubicación en estantería Total de préstamos Clasificación Código de barras Fecha visto por última vez Número de copia Tipo de ítem Koha
    Library of Congress Classification     Colección General Bib. Gregorio Torres Quintero Bib. Gregorio Torres Quintero Planta baja   PQ7298.41 Z3.3 A9.7 311336 31/12/2020 1 Libro